Concepción Arenal en un océano de relaciones (Record no. 193998)
[ view plain ]
| 000 -LEADER | |
|---|---|
| campo de control de longitud fija | 01449nmm a2200325 i 4500 |
| 001 - NÚMERO DE CONTROL | |
| campo de control | 193998 |
| 003 - IDENTIFICADOR DE NÚMERO DE CONTROL | |
| campo de control | ES-MaACL |
| 005 - FECHA Y HORA DE LA ÚLTIMA TRANSACCIÓN | |
| campo de control | 20250704062602.0 |
| 007 - CAMPO FIJO DE DESCRIPCIÓN FÍSICA--INFORMACIÓN GENERAL | |
| campo de control de longitud fija | ta |
| 008 - DATOS DE LONGITUD FIJA--INFORMACIÓN GENERAL | |
| campo de control de longitud fija | 240314e2021 sp ||||| |||| 00| 0 spa d |
| 020 ## - NÚMERO INTERNACIONAL ESTÁNDAR DEL LIBRO | |
| Información calificativa | 9788416390991 |
| 040 ## - FUENTE DE CATALOGACIÓN | |
| Lengua de catalogación | spa |
| Centro/agencia transcriptor | ES-MaACL |
| 100 1# - ENTRADA PRINCIPAL--NOMBRE DE PERSONA | |
| Nombre de persona | Arias Bautista, María Teresa |
| Término indicativo de función/relación | Autor |
| 9 (RLIN) | 146469 |
| 245 10 - MENCIÓN DEL TÍTULO | |
| Título | Concepción Arenal en un océano de relaciones |
| Medio | [Recurso electrónico] / |
| Mención de responsabilidad, etc. | María Teresa Arias Bautista |
| 260 ## - PUBLICACIÓN, DISTRIBUCIÓN, ETC. | |
| Lugar de publicación, distribución, etc. | Sevilla : |
| Nombre del editor, distribuidor, etc. | Benilde, |
| Fecha de publicación, distribución, etc. | [2021] |
| 300 ## - DESCRIPCIÓN FÍSICA | |
| Extensión | 215 páginas |
| 336 ## - TIPO DE CONTENIDO | |
| Fuente | rdacontent |
| Término de tipo de contenido | texto |
| 337 ## - TIPO DE MEDIO | |
| Fuente | rdamedia |
| Nombre/término del tipo de medio | sin mediación |
| 338 ## - TIPO DE SOPORTE | |
| Fuente | rdacarrier |
| Nombre/término del tipo de soporte | volumen |
| 490 0# - MENCIÓN DE SERIE | |
| Mención de serie | Mujeres, cultura y escritura |
| Designación de volumen o secuencia | ; 13 |
| 500 ## - NOTA GENERAL | |
| Nota general | Índice |
| 504 ## - NOTA DE BIBLIOGRAFÍA, ETC. | |
| Nota de bibliografía, etc. | Bibliografía: páginas 193-215 |
| 505 ## - NOTA DE CONTENIDO CON FORMATO | |
| Nota de contenido con formato | Concepción Arenal y los varones de su familia ; Concepción Arenal y las mujeres de su familia ; El Ateneo de Madrid y Concepción Arenal ; Concepción Arenal y las ateneístas ; Concepción Arenal y los ateneístas ; Concepción Arenal y sus relaciones con varones no ateneístas ; Concepción Arenal y algunos varones más ; Concepción Arenal y sus relaciones femeninas |
| 600 14 - PUNTO DE ACCESO ADICIONAL DE MATERIA--NOMBRE DE PERSONA | |
| 9 (RLIN) | 22591 |
| Nombre de persona | Arenal, Concepción, |
| Fechas asociadas al nombre | 1820-1893 |
| 610 24 - PUNTO DE ACCESO ADICIONAL DE MATERIA--NOMBRE DE ENTIDAD CORPORATIVA | |
| Nombre de entidad corporativa o nombre de jurisdicción como elemento de entrada | Ateneo de Madrid- |
| Subdivisión de forma | Historia |
| 9 (RLIN) | 1925 |
| 852 ## - LOCALIZACIÓN | |
| Ubicación | ES-MaACL |
| 856 4# - LOCALIZACIÓN Y ACCESO ELECTRÓNICOS | |
| Identificador Uniforme de Recursos | <a href="https://benilde.org/concepcion-arenal-en-un-oceano-de-relaciones/">https://benilde.org/concepcion-arenal-en-un-oceano-de-relaciones/</a> |
| Nota no pública | Asociación Benilde |
| Nota pública | Texto completo |
| 942 ## - ELEMENTOS DE ENTRADA SECUNDARIOS (KOHA) | |
| Fuente del sistema de clasificación o colocación | Clasificación decimal universal |
| Suprimir en OPAC | No |
| Tipo de ítem Koha | |
No items available.
